书目信息 |
| 题名: |
数据结构要点精析
|
|
| 作者: | 侯风巍 编著 | |
| 分册: | ||
| 出版信息: | 北京 北京航空航天大学出版社 2007.03 |
|
| 页数: | 351页 | |
| 开本: | 26cm | |
| 丛书名: | ||
| 单 册: | ||
| 中图分类: | TP311.12 | |
| 科图分类: | ||
| 主题词: | 数据结构--shu ju jie gou--高等学校--教学参考资料 , C语言--C yu yan--程序设计--高等学校--教材 | |
| 电子资源: | ||
| ISBN: | 978-7-81077-936-4 | |
| 000 | 00873nam0 2200253 450 | |
| 001 | 012007042326 | |
| 005 | 20071229083832.23 | |
| 010 | @a978-7-81077-936-4@dCNY32.00 | |
| 100 | @a20071229d2007 km y0chiy0120 ea | |
| 101 | 0 | @achi |
| 102 | @aCN@b110000 | |
| 105 | @aak a 000yy | |
| 106 | @ar | |
| 200 | 1 | @a数据结构要点精析@Ashu ju jie gou yao dian jing xi@eC语言版@f侯风巍编著@Fhou feng wei bian zhu |
| 210 | @a北京@c北京航空航天大学出版社@d2007.03 | |
| 215 | @a351页@c图@d26cm | |
| 320 | @a有书目 | |
| 330 | @a本书内容包括: 绪论, 线性表, 栈和队列, 字符串, 数组和广义表, 树和二叉树, 图, 查找, 排序等。 | |
| 606 | 0 | @a数据结构@Ashu ju jie gou@x高等学校@j教学参考资料 |
| 606 | 0 | @aC语言@AC yu yan@x程序设计@x高等学校@j教材 |
| 690 | @aTP311.12@v4 | |
| 701 | 0 | @a侯风巍@Ahou feng wei@4编著 |
| 801 | 0 | @aCN@bQSSK@c20071229 |
| 905 | @b274251-53@dTP311.12@eH425@f3 | |
| 数据结构要点精析:C语言版/侯风巍编著.-北京:北京航空航天大学出版社,2007.03 |
| 351页:图;26cm |
| ISBN 978-7-81077-936-4:CNY32.00 |
| 本书内容包括: 绪论, 线性表, 栈和队列, 字符串, 数组和广义表, 树和二叉树, 图, 查找, 排序等。 |
| ● |
| 相关链接 |
|
|
|
正题名:数据结构要点精析
索取号:TP311.12/H425
 
预约/预借
| 序号 | 登录号 | 条形码 | 馆藏地/架位号 | 状态 | 备注 |
| 1 | 274251 | 202742513 | 期刊室512/301自科库 39排4列1层/ [索取号:TP311.12/H425] | 在馆 | |
| 2 | 274252 | 202742522 | 自科二线404/301自科库 39排4列1层/ [索取号:TP311.12/H425] | 在馆 | |
| 3 | 274253 | 202742531 | 期刊室512/301自科库 39排4列1层/ [索取号:TP311.12/H425] | 在馆 |